000 00933nam a2200265Ia 4500
003 OSt
005 20220918111947.0
006 a|||||r|||| 00| 0
007 ta
008 220915b |||||||| |||| 00| 0 hin d
020 _a8188714496 (hbk)
024 _a543
037 _b482, 27/03/2008, Vani Prakashan
037 _cTextbook
040 _bhin
_aARTS
_cARTS
041 _ahin
082 _aP152, P7
100 _aशास्त्री, किशोरीदास वाजपेयी
_911539
245 0 _aअच्छी हिन्दी का नमूना
246 _aAchchhī hindī kā namūnā
260 _aदिल्ली
_bलिटिल बुक्स भारत
_c2007
300 _a127पृ0
_ccm.
942 _hP152, P7
_cTB
_2CC
999 _c117561
_d117561